000 00410nam a22001697a 4500
005 20160616111638.0
008 160616b xxu||||| |||| 00| 0 eng d
020 _a81-7224-777-X
041 _aeng
082 _b7932
100 _awright, chrissie
_92070
245 _aHand book of Practical Communication skills
260 _bJaico Books
_c2006
300 _a280
650 _aManagement
_9241
942 _cBK
999 _c2901
_d2900